El coraje de ser católico: crisis, reforma y futuro de la Iglesia
Saved in:
| Hovedforfatter: | |
|---|---|
| Format: | Bog |
| Sprog: | spansk |
| Udgivet: |
Buenos Aires
Emecé Editores
2003
|
| Udgivelse: | 1a. ed |
| Fag: | |
| Tags: |
Tilføj Tag
Ingen Tags, Vær først til at tagge denne postø!
|
MARC
| LEADER | 00000cam a2200000 a 4500 | ||
|---|---|---|---|
| 001 | UCE2659 | ||
| 003 | CL-VaPUC | ||
| 008 | 140717e20030300ag |||||||||||||||||spa|d | ||
| 020 | |a 9500424681 | ||
| 082 | 0 | 4 | |a 262 |b WEI |2 21 |
| 100 | |a Weigel, George |e autor |9 575183 | ||
| 245 | 1 | 3 | |a El coraje de ser católico: crisis, reforma y futuro de la Iglesia |
| 250 | |a 1a. ed | ||
| 300 | |a 226 p | ||
| 942 | |c BK | ||
| 945 | |d 20140717 11:12:00 |a dcastane | ||
| 260 | |a Buenos Aires |b Emecé Editores |c 2003 | ||
| 650 | 0 | |a Catolicismo |9 258690 | |
| 650 | 0 | |a Historia de la iglesia |9 257565 | |
| 583 | |a last modification |c 20140717 11:12:00 |k Rodrigo Vera | ||
| 999 | |c 356234 |d 356232 | ||